000
00246nam a2200097Ia 4500
001
640764
005
20250826153453.0
008
250824s9999 xx 000 0 und d
245
0
_a
KORKUSUZ CENGAVER
_c
AHMET YILMAZ BOYUNAĞA
260
_b
GENÇ TİMAŞ
999
_c
640764
_d
640764